Best Picture Winners: 1980s - Sudden Death - Statistics

General Stats
  • This quiz has been taken 4,429 times
  • The average score is 5 of 10
Answers on the Grid
Answers color-coded by a green-red scale on the quiz's grid according to % correct below.
Amadeus
Back to the Future
Chariots of Fire
Dead Poets Society
Die Hard
Driving Miss Daisy
E.T. The Extraterrestrial
Elephant Man
Gandhi
Howard the Duck
Inchon
Mississippi Burning
Ordinary People
Out of Africa
Platoon
Raging Bull
Raiders of the Lost Ark
Rain Man
Romancing the Stone
Terms of Endearment
The Killing Fields
The Last Emperor
Tootsie
When Harry Met Sally
 
Answer Stats
Answer % Correct
Amadeus
78%
Gandhi
57%
Chariots of Fire
56%
Driving Miss Daisy
48%
Out of Africa
40%
Rain Man
40%
Platoon
37%
The Last Emperor
34%
Ordinary People
32%
Terms of Endearment
32%
No matching quizzes found
Score Distribution
Percent of People with Each Score
Percentile by Number Answered
Your Score History
You have not taken this quiz